| 000 | 00705cam a2200241 i 4500 | ||
|---|---|---|---|
| 999 |
_c7717 _d7717 |
||
| 001 | 8794 | ||
| 003 | BD-DhUAP | ||
| 005 | 20210130123837.0 | ||
| 008 | 210130s1979 enk b 001 0 eng | ||
| 022 | _28185353220 | ||
| 040 |
_aDLC _cDLC _dBD-DhUAP _beng |
||
| 043 | _ae-uk--- | ||
| 082 | 0 | 0 |
_a349.41 DEN _223 |
| 100 | 1 | _aDenning, Lord. | |
| 245 | 1 | 4 |
_aThe discipline of law / _cby Lord Denning. |
| 260 |
_aNew Delhi : _bAditya books, _cc1979 [Reprinted 1993]. |
||
| 300 |
_axxii, 331 p. ; _c23 cm. |
||
| 504 | _aIncludes bibliographical references and index. | ||
| 650 | 0 |
_aLaw _zGreat Britain. |
|
| 650 | 0 |
_aJudge-made law _zGreat Britain. |
|
| 650 | 0 | _aSociological jurisprudence. | |
| 942 |
_2ddc _cBK |
||